Statistics for Country Superlatives by Letter - E

Click here to take the quiz!

General Stats

  • This quiz has been taken 232 times
  • The average score is 6 of 10

Answer Stats

CategoryCountry% Correct
Most PopulousEthiopia
86%
NorthernmostEstonia
85%
Greatest GDP (PPP)Egypt
68%
Greatest Surface AreaEthiopia
68%
Highest ElevationEcuador
67%
Hottest TemperatureEgypt
62%
Most PrisonersEl Salvador
61%
Oldest PopulationEstonia
56%
Least GDP (PPP)East Timor
50%
Lowest Life ExpectancyEquatorial Guinea
44%

Score Distribution

Percentile by Number Answered

Percent of People with Each Score

Your Score History

You have not taken this quiz